Liedtext: Herbert Grönemeyer - Bleibt alles anders - Statistiken

Allgemein
  • Dieses Quiz wurde 6 mal gespielt
  • Das Durchschnittsergebnis liegt bei 140 aus 363
Antwortstatistiken
Textquiz % Korrekt
alles
80%
anders
80%
bleibt
80%
Das
80%
das
80%
der
80%
Der
80%
die
80%
Die
80%
Du
80%
du
80%
in
80%
wird
80%
Zeit
80%
auf
60%
Auf
60%
den
60%
Es
60%
es
60%
ist
60%
oder
60%
so
60%
und
60%
war
60%
Weg
60%
weg
60%
zu
60%
am
40%
dein
40%
deine
40%
dem
40%
dich
40%
Ein
40%
einem
40%
im
40%
leise
40%
Moment
40%
nur
40%
Stein
40%
Stern
40%
über
40%
unter
40%
von
40%
Wasser
40%
Wein
40%
wie
40%
zum
40%
allen
20%
bist
20%
Bist
20%
brechen
20%
deinem
20%
des
20%
Droge
20%
dünnem
20%
Eis
20%
Ersatz
20%
fällt
20%
Folg
20%
Forder
20%
für
20%
Gefühl
20%
geh
20%
Genug
20%
genug
20%
gewinnen
20%
gibt
20%
große
20%
Hades
20%
hellen
20%
Horizont
20%
ihre
20%
kannst
20%
Kein
20%
kommt
20%
Kommt
20%
Konvention
20%
Kreise
20%
Leb
20%
lebe
20%
Leben
20%
Limits
20%
Mauer
20%
Null
20%
Punkt
20%
Raum
20%
Regen
20%
Sechs
20%
Silberstreif
20%
Sintflut
20%
Sonnenaufgang
20%
Stehst
20%
Stell
20%
stille
20%
Stillstand
20%
Sünden
20%
Tanz
20%
Thron
20%
Tod
20%
Tränen
20%
Traum
20%
Tricks
20%
Trockne
20%
Uhr
20%
verebbt
20%
vergeben
20%
Verlass
20%
verlieren
20%
verraten
20%
viel
20%
voran
20%
vorn
20%
Wasch
20%
wenig
20%
Würfeln
20%
Zauberer
20%
Zieh
20%
Ziel
20%
als
0%
bleiben
0%
Durchbruch
0%
Durchquer
0%
erste
0%
Erwarte
0%
fällst
0%
fehlt
0%
festen
0%
Gegengewicht
0%
gehoben
0%
gehörst
0%
Geschick
0%
Glauben
0%
Hoffnung
0%
Kern
0%
Lichts
0%
Monster
0%
nach
0%
nah
0%
netz
0%
oben
0%
Ohne
0%
Placebo
0%
Schätze
0%
Scheitelpunkt
0%
Sekunden
0%
sich
0%
stehen
0%
steigst
0%
Surf
0%
Transit
0%
unten
0%
verkriechen
0%
Verträum
0%
wahre
0%
Zwing
0%
zwing
0%
Keine übereinstimmenden Quizze gefunden
Verteilung der Resultate
Anzahl Personen mit jedem Resultat
Perzentil nach korrekt beantworteten Fragen
Ihre Resultats-Entwicklung
Sie haben dieses Quiz noch nicht gespielt